[Event "DSOL 05 Liga Gr-A 1st"]
[Site "Playchess.com INT"]
[Date "2020.07.29"]
[Round "6.3"]
[White "Waibel, Ulrich"]
[Black "Guenthner, Fabian"]
[Result "0-1"]
[WhiteElo "1303"]
[BlackElo "1375"]
[PlyCount "34"]
[EventDate "2020.06.22"]
[EventType "team-tourn (rapid)"]
[EventCountry "GER"]
[SourceTitle "EXT 2021"]
[Source "ChessBase"]
[SourceDate "2020.10.23"]
[SourceVersion "1"]
[SourceVersionDate "2020.10.23"]
[SourceQuality "1"]
[WhiteTeam "Muenchen Suedost"]
[BlackTeam "Schwaikheim"]
[WhiteTeamCountry "GER"]
[BlackTeamCountry "GER"]

1. e4 e6 2. b3 d5 3. Bb2 dxe4 4. Qg4 Nf6 5. Bxf6 Qxf6 6. Qxe4 Qxa1 7. c3 Qxa2 8. Bc4 Qa5 9. b4 Qf5 10. Qxf5 exf5 11. Nf3 Bd6 12. 0-0 0-0 13. Nd4 a6 14. b5 Bd7 15. bxa6 bxa6 16. Bd5 Ra7 17. f4 Bc5 0-1

[Event "GER T293-C07-S email"]
[Site "GER email"]
[Date "2019.06.01"]
[Round "?"]
[White "Waibel, Ulrich"]
[Black "Frotscher, Thomas"]
[Result "0-1"]
[WhiteElo "1446"]
[BlackElo "2066"]
[PlyCount "34"]
[EventDate "2019.06.07"]
[EventType "tourn (corr)"]
[EventRounds "8"]
[EventCountry "GER"]
[SourceTitle "Corr 2022"]
[Source "ChessBase"]
[SourceDate "2021.10.24"]
[SourceVersion "1"]
[SourceVersionDate "2021.10.24"]
[SourceQuality "1"]

1. e4 e6 2. d4 d5 3. Nd2 c5 4. exd5 Qxd5 5. Ngf3 cxd4 6. Bc4 Qd7 7. 0-0 Nc6 8. Nb3 a6 9. a4 Nf6 10. Nfxd4 Ne5 11. Be2 Bd6 12. Bg5 Qc7 13. Bxf6 gxf6 14. h3 Ng6 15. Nf3 Rg8 16. Kh1 Nf4 17. Ne1 e5 0-1

[Event "GER rap12 FSM/V01 email"]
[Site "GER email"]
[Date "2015.12.26"]
[Round "?"]
[White "Waibel, Ulrich"]
[Black "Offenborn, Heinz"]
[Result "0-1"]
[WhiteElo "1367"]
[BlackElo "2098"]
[PlyCount "64"]
[EventDate "2015.12.28"]
[EventType "tourn (corr)"]
[EventRounds "4"]
[EventCountry "GER"]
[SourceTitle "Corr 2020"]
[Source "ChessBase"]
[SourceDate "2019.09.30"]
[SourceVersion "1"]
[SourceVersionDate "2019.09.30"]
[SourceQuality "1"]

1. e4 c5 2. Nf3 d5 3. exd5 Nf6 4. Nc3 Nxd5 5. Nxd5 Qxd5 6. b3 Nc6 7. Bb2 Bg4 8. Be2 0-0-0 9. h3 Bh5 10. 0-0 f6 11. Bc3 e5 12. a3 g5 13. Re1 Bg6 14. Bc4 Qd6 15. b4 Qc7 16. d3 Bh5 17. Rb1 Kb8 18. Bd2 Nd4 19. g4 Be8 20. bxc5 Bxc5 21. Nxd4 Bxd4 22. c3 Bb6 23. Be3 h5 24. Bxb6 axb6 25. Re3 hxg4 26. Qxg4 Rd6 27. Rg3 Rh4 28. Qf3 e4 29. Qe2 f5 30. dxe4 f4 31. Rxg5 Rxh3 32. Qg4 Rdh6 0-1

[Event "GER OS-276 email"]
[Site "GER email"]
[Date "2015.09.11"]
[Round "?"]
[White "Waibel, Ulrich"]
[Black "Hueser, Udo"]
[Result "1/2-1/2"]
[WhiteElo "1400"]
[BlackElo "1744"]
[PlyCount "74"]
[EventDate "2015.09.18"]
[EventType "tourn (corr)"]
[EventRounds "6"]
[EventCountry "GER"]
[SourceTitle "Corr 2020"]
[Source "ChessBase"]
[SourceDate "2019.09.30"]
[SourceVersion "1"]
[SourceVersionDate "2019.09.30"]
[SourceQuality "1"]

1. e4 e5 2. f4 exf4 3. Bc4 d5 4. Bxd5 Nf6 5. Nc3 Bb4 6. Nf3 0-0 7. 0-0 Re8 8. Bb3 Nc6 9. d3 Nd4 10. Bxf4 Bg4 11. Be3 Nxf3+ 12. gxf3 Bh3 13. Rf2 a5 14. d4 Bxc3 15. bxc3 Nd7 16. Bf4 Ra6 17. Qd2 Rg6+ 18. Kh1 Nf6 19. Rg1 Rxg1+ 20. Kxg1 b5 21. a4 bxa4 22. Bxa4 Re6 23. d5 Ra6 24. Re2 Nh5 25. Bg3 Bd7 26. Qd4 Nxg3 27. hxg3 Bxa4 28. Qxa4 h5 29. Kf2 h4 30. gxh4 Qxh4+ 31. Ke3 Qh1 32. Qe8+ Kh7 33. Qe5 Qc1+ 34. Kd3 Qd1+ 35. Ke3 Qc1+ 36. Kd3 Qd1+ 37. Ke3 Qc1+ 1/2-1/2

[Event "GER OS-275 email"]
[Site "GER email"]
[Date "2015.08.28"]
[Round "?"]
[White "Waibel, Ulrich"]
[Black "Gillar, Frank"]
[Result "0-1"]
[WhiteElo "1400"]
[BlackElo "2041"]
[PlyCount "56"]
[EventDate "2015.09.05"]
[EventType "tourn (corr)"]
[EventRounds "6"]
[EventCountry "GER"]
[SourceTitle "Corr 2020"]
[Source "ChessBase"]
[SourceDate "2019.09.30"]
[SourceVersion "1"]
[SourceVersionDate "2019.09.30"]
[SourceQuality "1"]

1. e4 e6 2. d4 d5 3. e5 c5 4. Nd2 Qb6 5. Ngf3 Nc6 6. c4 cxd4 7. Bd3 Nge7 8. 0-0 Ng6 9. cxd5 exd5 10. Nb3 Bg4 11. Nbxd4 Nxd4 12. Qa4+ Bd7 13. Qxd4 Qxd4 14. Nxd4 Nxe5 15. Re1 f6 16. Bf4 Bb4 17. Re2 Bd6 18. Bc2 Bc7 19. Rc1 0-0-0 20. Bb3 Kb8 21. Bg3 Rhe8 22. Rd2 g5 23. Bxe5 fxe5 24. Nf3 e4 25. Rxc7 Kxc7 26. Nxg5 Re7 27. Rxd5 h6 28. Nh3 e3 0-1

[Event "GER OS-275 email"]
[Site "GER email"]
[Date "2015.08.28"]
[Round "?"]
[White "Waibel, Ulrich"]
[Black "Nitschke, Norbert"]
[Result "0-1"]
[WhiteElo "1400"]
[BlackElo "1729"]
[PlyCount "76"]
[EventDate "2015.09.05"]
[EventType "tourn (corr)"]
[EventRounds "6"]
[EventCountry "GER"]
[SourceTitle "Corr 2020"]
[Source "ChessBase"]
[SourceDate "2019.09.30"]
[SourceVersion "1"]
[SourceVersionDate "2019.09.30"]
[SourceQuality "1"]

1. e4 e5 2. f4 exf4 3. Bc4 Nc6 4. Nf3 g5 5. 0-0 Bg7 6. d4 h6 7. Nc3 d6 8. Nd5 Nf6 9. c3 0-0 10. Nxf6+ Qxf6 11. Bd2 Bd7 12. Qc2 Rfe8 13. Bd3 Rab8 14. Be1 a6 15. Bf2 Qd8 16. Rad1 b5 17. Rfe1 g4 18. Nh4 Qg5 19. g3 f3 20. Nf5 Qh5 21. Nxg7 Kxg7 22. Be3 a5 23. b3 f6 24. a3 Re7 25. b4 Rbe8 26. Bf2 axb4 27. cxb4 Nd8 28. Qxc7 Nf7 29. Kh1 f5 30. e5 f4 31. Qc3 Rc8 32. Qb2 Bf5 33. d5 Bxd3 34. Rxd3 fxg3 35. e6+ Kg6 36. Bxg3 Qf5 37. Qb1 h5 38. Ree3 Ng5 0-1

[Event "GER-Cup27 E/V02 email"]
[Site "GER email"]
[Date "2015.07.27"]
[Round "?"]
[White "Waibel, Ulrich"]
[Black "Maly, Wolfgang"]
[Result "1-0"]
[WhiteElo "1400"]
[BlackElo "1678"]
[PlyCount "39"]
[EventDate "2015.08.07"]
[EventType "tourn (corr)"]
[EventRounds "4"]
[EventCountry "GER"]
[SourceTitle "Corr 2020"]
[Source "ChessBase"]
[SourceDate "2019.09.30"]
[SourceVersion "1"]
[SourceVersionDate "2019.09.30"]
[SourceQuality "1"]

1. e4 Nc6 2. d4 d5 3. Nc3 dxe4 4. Bb5 Bd7 5. Nge2 f5 6. Ng3 e6 7. Bf4 Bd6 8. Bxd6 cxd6 9. d5 exd5 10. Qxd5 Qf6 11. 0-0-0 Nge7 12. Qxd6 Qxd6 13. Rxd6 0-0-0 14. Nh5 Kc7 15. Rhd1 g6 16. Nf6 Bc8 17. Rxd8 Nxd8 18. Ne8+ Rxe8 19. Bxe8 Be6 20. Nb5+ 1-0

[Event "GER rap11 FSM/V05 email"]
[Site "GER email"]
[Date "2015.06.15"]
[Round "?"]
[White "Hinz, Horst"]
[Black "Waibel, Ulrich"]
[Result "1-0"]
[WhiteElo "2097"]
[BlackElo "1367"]
[PlyCount "51"]
[EventDate "2015.06.26"]
[EventType "tourn (corr)"]
[EventRounds "4"]
[EventCountry "GER"]
[SourceTitle "Corr 2020"]
[Source "ChessBase"]
[SourceDate "2019.09.30"]
[SourceVersion "1"]
[SourceVersionDate "2019.09.30"]
[SourceQuality "1"]

1. d4 e6 2. e4 d5 3. Nc3 Nf6 4. e5 Nfd7 5. f4 Bb4 6. Be2 c5 7. a3 Bxc3+ 8. bxc3 Nc6 9. Nf3 c4 10. Bd2 Ne7 11. 0-0 0-0 12. Qe1 Nb6 13. h4 Bd7 14. h5 Ba4 15. h6 g6 16. Bd1 Qd7 17. Ng5 Qb5 18. g4 Qb2 19. Rc1 Qxa3 20. f5 exf5 21. gxf5 Be8 22. Qg3 Kh8 23. Bg4 Nc6 24. fxg6 hxg6 25. Rf6 Qe7 26. Rcf1 1-0

[Event "GER OS-268 email"]
[Site "GER email"]
[Date "2015.06.15"]
[Round "?"]
[White "Waibel, Ulrich"]
[Black "Hosak, Wilfried"]
[Result "1/2-1/2"]
[WhiteElo "1400"]
[BlackElo "1786"]
[PlyCount "72"]
[EventDate "2015.06.22"]
[EventType "tourn (corr)"]
[EventRounds "6"]
[EventCountry "GER"]
[SourceTitle "Corr 2020"]
[Source "ChessBase"]
[SourceDate "2019.09.30"]
[SourceVersion "1"]
[SourceVersionDate "2019.09.30"]
[SourceQuality "1"]

1. e4 e5 2. f4 exf4 3. Bc4 d5 4. Bxd5 Qh4+ 5. Kf1 Nf6 6. Nf3 Qh6 7. Nc3 Bb4 8. e5 Bxc3 9. exf6 Bxf6 10. Qe2+ Kd8 11. d4 Re8 12. Qc4 Nd7 13. Bxf7 Rf8 14. Bd2 Nb6 15. Qb3 a5 16. a4 g5 17. Ne5 Bf5 18. Re1 Qg7 19. Be6 Bxe6 20. Qxe6 Bxe5 21. Rxe5 Nd7 22. Re2 Ra6 23. Qe4 Rb6 24. b3 Nf6 25. Qf5 Rd6 26. Qxa5 Rxd4 27. Qa8+ Kd7 28. Qxb7 Ne4 29. Rxe4 Rxd2 30. Qb5+ Kc8 31. Re8+ Rxe8 32. Qxe8+ Rd8 33. Qe4 Rd1+ 34. Ke2 Rxh1 35. Qe8+ Kb7 36. Qb5+ Kc8 1/2-1/2

[Event "GER OS-268 email"]
[Site "GER email"]
[Date "2015.06.15"]
[Round "?"]
[White "Waibel, Ulrich"]
[Black "Schatz, Dieter"]
[Result "0-1"]
[WhiteElo "1400"]
[BlackElo "1738"]
[PlyCount "90"]
[EventDate "2015.06.22"]
[EventType "tourn (corr)"]
[EventRounds "6"]
[EventCountry "GER"]
[SourceTitle "Corr 2020"]
[Source "ChessBase"]
[SourceDate "2019.09.30"]
[SourceVersion "1"]
[SourceVersionDate "2019.09.30"]
[SourceQuality "1"]

1. e4 e6 2. d4 d5 3. e5 c5 4. f4 Nc6 5. Nf3 Nh6 6. c3 Qb6 7. Bd3 Bd7 8. 0-0 cxd4 9. Kh1 dxc3 10. Nxc3 Ng4 11. Qe2 h5 12. Na4 Qa5 13. b3 a6 14. h3 b5 15. Bd2 Qc7 16. Nc3 Qa7 17. g3 Nb4 18. Bb1 d4 19. Nd1 Nh6 20. a3 Nd5 21. Be4 Nf5 22. Bxf5 exf5 23. b4 Rd8 24. Kh2 Nc7 25. Qd3 Bc8 26. Rc1 g6 27. Nb2 Ne6 28. Qb3 Bb7 29. Nd3 h4 30. Nxh4 Bd5 31. Qd1 Be7 32. Nf3 Bc4 33. Qc2 Qb7 34. Rf2 Qd5 35. Re1 Kf8 36. Bc1 Kg7 37. Qd2 Qb7 38. Bb2 Bd5 39. Qe2 Be4 40. Rd1 Qd5 41. h4 Rc8 42. Kg1 Rc4 43. Nde1 Rd8 44. Nd3 Rc3 45. Nfe1 Rb3 0-1

[Event "GER OS-268 email"]
[Site "GER email"]
[Date "2015.06.15"]
[Round "?"]
[White "Waibel, Ulrich"]
[Black "Wittlieb, Friedhelm"]
[Result "1-0"]
[WhiteElo "1400"]
[BlackElo "1239"]
[PlyCount "45"]
[EventDate "2015.06.22"]
[EventType "tourn (corr)"]
[EventRounds "6"]
[EventCountry "GER"]
[SourceTitle "Corr 2020"]
[Source "ChessBase"]
[SourceDate "2019.09.30"]
[SourceVersion "1"]
[SourceVersionDate "2019.09.30"]
[SourceQuality "1"]

1. e4 c5 2. Nf3 Nf6 3. e5 Nd5 4. c4 Nf4 5. d4 e6 6. Bxf4 Be7 7. d5 0-0 8. d6 Qa5+ 9. Nc3 Nc6 10. dxe7 Nxe7 11. Bd2 d5 12. Nxd5 Qd8 13. Nxe7+ Qxe7 14. Bd3 Rd8 15. Bg5 f6 16. Bh4 Qe8 17. exf6 gxf6 18. Bxf6 Rd7 19. Ne5 Rc7 20. Qg4+ Kf8 21. Bg6 hxg6 22. Qh4 Qa4 23. Qh8# 1-0

[Event "Remote Easter Gr.E email"]
[Site "Remote email"]
[Date "2014.05.01"]
[Round "?"]
[White "Waibel, Ulrich"]
[Black "Ziegert, Andreas"]
[Result "0-1"]
[WhiteElo "1762"]
[BlackElo "1546"]
[PlyCount "38"]
[EventDate "2014.??.??"]
[EventType "tourn (corr)"]
[EventRounds "8"]
[EventCountry "GER"]
[SourceTitle "Corr 2015"]
[Source "ChessBase"]
[SourceDate "2015.07.17"]
[SourceVersion "1"]
[SourceVersionDate "2015.07.17"]
[SourceQuality "1"]

1. e4 e5 2. f4 exf4 3. Nf3 d5 4. exd5 Nf6 5. d4 Nxd5 6. Bc4 c6 7. 0-0 Bd6 8. Qe2+ Be6 9. Nc3 0-0 10. Nxd5 cxd5 11. Bd3 Qb6 12. c3 Nc6 13. Ng5 h6 14. Nxe6 fxe6 15. Qxe6+ Kh8 16. Qg6 Kg8 17. Qh7+ Kf7 18. Bxf4 Bxf4 19. Rxf4+ Ke8 0-1

[Event "Remote-ch Class3 Gr.B email"]
[Site "Remote email"]
[Date "2014.04.20"]
[Round "?"]
[White "Waibel, Ulrich"]
[Black "Strahlberger, Michael"]
[Result "0-1"]
[WhiteElo "1762"]
[BlackElo "2258"]
[PlyCount "34"]
[EventDate "2014.??.??"]
[EventType "tourn (corr)"]
[EventRounds "6"]
[EventCountry "GER"]
[SourceTitle "Corr 2015"]
[Source "ChessBase"]
[SourceDate "2015.07.17"]
[SourceVersion "1"]
[SourceVersionDate "2015.07.17"]
[SourceQuality "1"]

1. e4 e6 2. d4 d5 3. e5 c5 4. Nf3 cxd4 5. Nxd4 Ne7 6. Bg5 Nbc6 7. Bb5 Bd7 8. Nxc6 bxc6 9. Bd3 Qb8 10. Bxe7 Bxe7 11. Nd2 Qxe5+ 12. Qe2 Qxb2 13. 0-0 0-0 14. Rfb1 Qc3 15. Rb3 Qxa1+ 16. Nf1 Rfb8 17. h3 a5 0-1

[Event "Remote-ch Class3 Gr.B email"]
[Site "Remote email"]
[Date "2014.04.20"]
[Round "?"]
[White "Wittal, Werner"]
[Black "Waibel, Ulrich"]
[Result "1-0"]
[WhiteElo "2371"]
[BlackElo "1820"]
[PlyCount "43"]
[EventDate "2014.??.??"]
[EventType "tourn (corr)"]
[EventRounds "6"]
[EventCountry "GER"]
[SourceTitle "Corr 2015"]
[Source "ChessBase"]
[SourceDate "2015.07.17"]
[SourceVersion "1"]
[SourceVersionDate "2015.07.17"]
[SourceQuality "1"]

1. e4 e6 2. d4 d5 3. Nd2 h6 4. c3 c5 5. exd5 Qxd5 6. Ngf3 Bd6 7. Bc4 Qc6 8. Qe2 Ne7 9. Bb5 Bd7 10. Bxc6 Bxc6 11. Nc4 Bc7 12. dxc5 0-0 13. Be3 Nd7 14. 0-0 Ng6 15. Nd6 b6 16. Nd4 bxc5 17. Nxc6 Bxd6 18. Rad1 Bxh2+ 19. Kxh2 Rfc8 20. Rxd7 Rxc6 21. Rxf7 Kxf7 22. Qf3+ 1-0

[Event "Remote email"]
[Site "Remote email"]
[Date "2013.12.16"]
[Round "?"]
[White "Widmer, Bruno"]
[Black "Waibel, Ulrich"]
[Result "0-1"]
[WhiteElo "1898"]
[BlackElo "1820"]
[PlyCount "112"]
[EventDate "2013.??.??"]
[EventType "tourn (corr)"]
[EventRounds "6"]
[EventCountry "GER"]
[SourceTitle "Corr 2015"]
[Source "ChessBase"]
[SourceDate "2015.07.17"]
[SourceVersion "1"]
[SourceVersionDate "2015.07.17"]
[SourceQuality "1"]

1. e4 e6 2. d4 d5 3. e5 c5 4. Bb5+ Nc6 5. c3 Bd7 6. Bxc6 Bxc6 7. Nf3 c4 8. Be3 g6 9. 0-0 Bg7 10. Qd2 Ne7 11. Bg5 0-0 12. Qf4 Qd7 13. Nbd2 Nf5 14. Rae1 Rab8 15. Nh4 f6 16. Nxf5 fxg5 17. Qxg5 Rxf5 18. Qg3 Rbf8 19. Nf3 a5 20. h4 Rf4 21. Qh3 b5 22. Ng5 R4f5 23. Re3 Bh6 24. g4 Bxg5 25. gxf5 Bxe3 26. fxe6 Qe7 27. fxe3 Rxf1+ 28. Kxf1 Bb7 29. h5 g5 30. Ke2 Bc8 31. e4 Bxe6 32. Qe3 Bg4+ 33. Kd2 dxe4 34. Qxe4 Bxh5 35. Qd5+ Bf7 36. Qxb5 g4 37. Qxa5 g3 38. Ke1 Qh4 39. Qa8+ Kg7 40. Qg2 Bd5 41. Qg1 g2+ 42. Ke2 Qe4+ 43. Kf2 Qf3+ 44. Ke1 Qg3+ 45. Qf2 Qxf2+ 46. Kxf2 h5 47. Kg1 h4 48. b3 cxb3 49. axb3 h3 50. c4 Be4 51. e6 Kf8 52. d5 Ke7 53. b4 Bd3 54. c5 Bc4 55. d6+ Kxe6 56. Kh2 Bb5 0-1